000 00820nam a2200193 a 4500
001 001035723
003 AM-YeHGA
005 20250617150830.0
008 140903s ||| r 000 0 rus d
040 _aAM-YeHGA
041 0 _arus
100 1 _aФилиппов, Глеб Сергеевич
245 1 0 _aПроцессы возникновения помех и обнаружение полезных сигналов :
_bУчебное пособие /
_cГ.С. Филиппов.
260 _aЛенинград :
_bБ.и.
300 _aчасть.
505 0 _gЧ. 1 (1975, 50 с.)
_tТиповые случайные процессы и возникновение мешающих воздействий
653 0 _aАвтоматика и телемеханика - Учебники
090 _c341072
999 _c339290
_d339290